Cultivo de nochebuenas silvestres en la comunidad de Tehuilotepec, Taxco de Alarcón, Guerrero / (Record no. 111329)
[ view plain ]
| 000 -CABECERA | |
|---|---|
| campo de control de longitud fija | 01346nam a2200361 a 4500 |
| 001 - NÚMERO DE CONTROL | |
| campo de control | 000114868 |
| 003 - IDENTIFICADOR DEL NÚMERO DE CONTROL | |
| campo de control | CHAP |
| 005 - FECHA Y HORA DE LA ÚLTIMA TRANSACCIÓN | |
| campo de control | 20240814110124.0 |
| 008 - DATOS DE LONGITUD FIJA--INFORMACIÓN GENERAL | |
| campo de control de longitud fija | 180724s2017 mx a |r| |||||||spa d |
| 010 ## - NÚMERO DE CONTROL DE LA BIBLIOTECA DEL CONGRESO | |
| Número de control de LC | 111329 |
| 011 ## - ENLACE DEL NUMERO DE CONTROL DE LA BIBLIOTECA DEL CONGRESO [OBSOLETO] | |
| Número de control de LC | 112301 |
| 020 ## - NÚMERO INTERNACIONAL ESTÁNDAR DEL LIBRO | |
| Número Internacional Estándar del Libro | 9786071204622 |
| 040 ## - FUENTE DE LA CATALOGACIÓN | |
| Centro/agencia transcriptor | CHAP |
| 090 ## - LOCALMENTE ASIGNADO TIPO-LC NÚMERO DE CLASIFICACIÓN (OCLC); NÚMERO DE CLASIFICACIÓN LOCAL (RLIN) | |
| Número de clasificación (OCLC) (R) ; Numero de clasificación, CALL (RLIN) (NR) | Folleto 5235 |
| 100 1# - ENTRADA PRINCIPAL--NOMBRE DE PERSONA | |
| Nombre de persona | Pérez Nicolás, Mónica Laura. |
| 9 (RLIN) | 124762 |
| 245 10 - MENCIÓN DE TÍTULO | |
| Título | Cultivo de nochebuenas silvestres en la comunidad de Tehuilotepec, Taxco de Alarcón, Guerrero / |
| Mención de responsabilidad, etc. | por Monica Laura Pérez Nicolas, María Teresa Beryl Colinas y León y Cuauhtémoc Alejandro De La Peña García. |
| 260 ## - PUBLICACIÓN, DISTRIBUCIÓN, ETC. | |
| Lugar de publicación, distribución, etc. | México : |
| Nombre del editor, distribuidor, etc. | UACH, |
| Fecha de publicación, distribución, etc. | 2017. |
| 300 ## - DESCRIPCIÓN FÍSICA | |
| Extensión | 54p. : |
| Otras características físicas | il. |
| 590 ## - NOTA LOCAL (RLIN) | |
| Nota local | BATCH-UPD |
| Procedencia (VM) [OBSOLETO] | 05 |
| Condición del los carretes individuales (VM) [OBSOLETO] | 20180724 |
| -- | UCH01 |
| -- | 0857 |
| 590 ## - NOTA LOCAL (RLIN) | |
| Nota local | BATCH-UPD |
| Procedencia (VM) [OBSOLETO] | 05 |
| Condición del los carretes individuales (VM) [OBSOLETO] | 20180724 |
| -- | UCH01 |
| -- | 1016 |
| 590 ## - NOTA LOCAL (RLIN) | |
| Nota local | E6339RRR |
| Procedencia (VM) [OBSOLETO] | 05 |
| Condición del los carretes individuales (VM) [OBSOLETO] | 20180724 |
| -- | UCH01 |
| -- | 0856 |
| 590 ## - NOTA LOCAL (RLIN) | |
| Nota local | E6339RRR |
| Procedencia (VM) [OBSOLETO] | 05 |
| Condición del los carretes individuales (VM) [OBSOLETO] | 20180724 |
| -- | UCH01 |
| -- | 1016 |
| 590 ## - NOTA LOCAL (RLIN) | |
| Nota local | E6339RRR |
| Procedencia (VM) [OBSOLETO] | 05 |
| Condición del los carretes individuales (VM) [OBSOLETO] | 20180724 |
| -- | UCH01 |
| -- | 1017 |
| 650 14 - PUNTO DE ACCESO ADICIONAL DE MATERIA--TÉRMINO DE MATERIA | |
| Término de materia o nombre geográfico como elemento de entrada | Euphorbia pulcherrima Willd. |
| Subdivisión general | Cultivo. |
| 9 (RLIN) | 129930 |
| 650 14 - PUNTO DE ACCESO ADICIONAL DE MATERIA--TÉRMINO DE MATERIA | |
| Término de materia o nombre geográfico como elemento de entrada | Flor de nochebuena |
| Subdivisión general | Enfermedades. |
| 9 (RLIN) | 41308 |
| 650 14 - PUNTO DE ACCESO ADICIONAL DE MATERIA--TÉRMINO DE MATERIA | |
| Término de materia o nombre geográfico como elemento de entrada | Flor de nochebuena |
| Subdivisión general | Fisología y morfología. |
| 9 (RLIN) | 129001 |
| 650 14 - PUNTO DE ACCESO ADICIONAL DE MATERIA--TÉRMINO DE MATERIA | |
| Término de materia o nombre geográfico como elemento de entrada | Flor de nochebuena |
| Subdivisión general | Propagación. |
| 9 (RLIN) | 41312 |
| 700 1# - PUNTO DE ACCESO ADICIONAL--NOMBRE DE PERSONA | |
| Nombre de persona | Colinas León, María Teresa B. |
| 9 (RLIN) | 25185 |
| 700 1# - PUNTO DE ACCESO ADICIONAL--NOMBRE DE PERSONA | |
| Nombre de persona | Peña García, Cuauhtémoc Alejandro de la. |
| 9 (RLIN) | 135260 |
| 901 ## - ELEMENTOS DE DATOS A LOCAL LDA (RLIN) | |
| a | BK |
| 942 ## - ELEMENTOS DE PUNTO DE ACCESO ADICIONAL (KOHA) | |
| Tipo de ítem Koha | Folleto |
| 942 ## - ELEMENTOS DE PUNTO DE ACCESO ADICIONAL (KOHA) | |
| Suprimir en OPAC | 0 |
| Estado de retiro | Estado de pérdida | Fuente del sistema de clasificación o colocación | Estado dañado | Restricciones de uso | No para préstamo | Código de colección | Localización permanente | Ubicación/localización actual | Ubicación en estantería | Fecha de adquisición | Información codificada de la localización en otra ubicación | Total de préstamos | Signatura topográfica completa | Código de barras | Fecha visto por última vez | Precio válido a partir de | Tipo de ítem Koha | Número de copia |
|---|---|---|---|---|---|---|---|---|---|---|---|---|---|---|---|---|---|---|
| Clasificación Universidad Autónoma de Chapingo | Préstamo interno | Folletos | Biblioteca Central | Biblioteca Central | Planta alta - Área de Tesis - Folletos | 24/07/2018 | FOLL | Folleto 5235 | 33724002551116 | 31/12/2019 | 24/07/2018 | Folleto | ||||||
| Clasificación Universidad Autónoma de Chapingo | Préstamo 3 días | Folletos | Biblioteca Central | Biblioteca Central | Planta alta - Área de Tesis - Folletos | 26/07/2018 | FOLL | Folleto 5235 | 33724002551157 | 31/12/2019 | 26/07/2018 | Folleto | c.2 |
